000 00432pab a2200181 454500
008 180718b2010 xxu||||| |||| 00| 0 eng d
100 _aYadav, Krishan K.
245 _aRoad connectivity as a stimulant for rural poverty reduction
260 _c2010
300 _ap.12-15.
362 _aAug
650 _aPoverty
650 _aRural development
650 _aRoads
773 _aKurukshetra
908 _aN
909 _a87409
999 _c87409
_d87409